000 01764nam0a2200337 4500
001 RU\NLR\bibl\50363
005 20250616083736.0
010 _a5-230-03704-0
_9200
021 _aRU
_b99-29187
_91421
035 _a(NLR Aleph) 000049096
090 _a261915
_c261915
100 _a19990930d1999 |||y0rusy50 ca
101 0 _arus
102 _aRU
105 _aa |||||||||
200 1 _aПроцедуры генерации и выбора при проектировании технических объектов
_eУчеб. пособие для студентов вузов, обучающихся по спец. 220300 (Системы автоматизир. проектирования)
_fЮ.В. Кандырин, Г.Л. Шкурина
_gМ-во общ. и проф. образования Рос. Федерации, Волгогр. гос. техн. ун-т
210 _aВолгоград
_cВолгГТУ
_d1999
215 _a85 с.
_cил.
_d20
320 _aБиблиогр.: с. 84
606 0 _aТехнические системы
_jРуководства, пособия и т.п. для высшей школы
_xПроектирование
_91828434
_3RU\NLR\auth\661118728
606 0 _aТехнические системы
_jУчебные издания для высшей школы
_xПроектирование
_91828434
_3RU\NLR\auth\661118728
686 _aЖ2я73-1
700 1 _aКандырин
_bЮ. В.
_gЮрий Владимирович
_4070
701 1 _aШкурина
_bГ. Л.
_gГалина Леонидовна
_4070
801 0 _aRU
_bNLR
_c19990930
_gPSBO
801 1 _aRU
_bNLR
_c19990930
830 _aАвт. по кн.
852 _aNLR
_j99-4/6296
942 _cBOOK
980 _aNB